00837nam a22002537a 450000500170000001000130001702000230003003500130005303700160006604000120008208200130009410000250010724500370013225000110016926000460018027000470022630000260027350000490029965000390034865000310038794200220041899900190044095201240045920170124105938.0 aA-751444 c125.00a8120309731 aA-751444 bCen Lib/Ret aDPLbEN a515bROY aRoyden, H. L.910620 aReal analysis /cby H. L. Royden a3rd ed a New DelhibPrentice- Hall of Indiac1988 aM-97, Connaught Circusb New Delhie110001 axvii, 44p. c20cm(Hb) aIncludes bibliographical reference and index aFunctions of real variables910621 aFunctional analysis910622 2ddccENh515mROY c124395d124395 00104070aLbLd2015-06-16eCen Lib/Retg125.00l0o515 ROYpA-751444r2015-06-16 00:00:00t1v125.00w2015-06-16yEN